Hormóny šťastia Aleny Heribanovej

Podrobná bibliografia
Hlavní autori: Lukáčová, Daniela (ain), Heribanová, Alena, 1955- (Autor, uin)
Médium: Článok
Jazyk:slovenčina
Fyzický popis:Fotogr.
ISSN:0044-1953
Predmet:

MARC

LEADER 00000nab a2200000 a 4500
001 vtls000720556
003 SK-MaSNL
005 20260302195103.0
008 040806c2000 xo 0 slo
015 |a SNBRB2000/05-11661 
035 |a CLN000072723 
040 |a SNKBUCL  |b slo  |c SNKBUCL  |e AACR2 
041 0 |a slo 
044 |a xo  |c SK 
080 |a 7.097.071.2  |2 UDC-MRF-SK2 
080 |a 929 Heribanová, Alena  |2 UDC-MRF-SK2 
100 1 |a Lukáčová, Daniela  |4 ain  |9 916076 
245 1 0 |a Hormóny šťastia Aleny Heribanovej  |c [zhovárala sa] Daniela Lukáčová 
300 |b Fotogr. 
600 1 7 |a Heribanová, Alena,  |d 1955-  |2 snkbucl  |9 111137 
655 7 |a rozhovory  |2 snkbucl  |9 31831 
700 1 |a Heribanová, Alena,  |d 1955-  |4 aut  |4 uin  |9 111137 
773 0 |x 0044-1953  |t Zdravie  |g Roč. 56, č. 4 (2000), s. 22-25 
850 |a Slovenská národná knižnica v Martine 
852 |a SNK  |b KIS3GCP 
999 |c 1451242  |d 1453172